01030 2200289 4500001002100000005001500021035002000036007000300056008004100059040002200100082001400122084001600136090001800152100006100170245011300231300002400344650005100368850001200419110006100431490002500492264005100517336002100568337003000589338002300619246007800642990002000720INLIS00000000085329020191128084809 a0010-1119000698ta191128s1958 jki g l f 0 ind d aYOPDYOGbinderda04223a349.2 a349.2 IND r aL 349.2 IND r aINDONESIA. Kementerian PeneranganeBadan Penanggungjawab1 aRantjangan undang-undang no. tahun 1958 tentang badan koordinasi intelligence /cKementerian Penerangan R.I. a20 halaman ;c15 cm 4aDinas Intelijen--vUndang-undang dan Peraturan aYOPDYOG2 aINDONESIA. Kementerian PeneranganeBadan Penanggungjawab aPenerbitan Chusus 2731aDjakarta :bKementerian Penerangan R.I.,c1958 2rdacontentateks 2rdamediaatanpa perantara 2rdacarrieravolume aRancangan undang-undang no. tahun 1958 tentang badan koordinasi intelijen a64911-PD/A.2019